[Event "HUN Team League Csongrad Region 2019–2"]
[Site "Csongrád County"]
[Date "2019.11.24"]
[Round "3.1"]
[White "Tubak, Daniel"]
[Black "Balogh, Ferenc"]
[Result "1-0"]
[WhiteElo "2213"]
[BlackElo "1927"]
[PlyCount "155"]
[EventDate "2019.09.29"]
[WhiteTeam "Maróczy III."]
[BlackTeam "Maróczy V."]

1. e4 e6 2. d4 d5 3. Bd3 c5 4. dxc5 Bxc5 5. Nd2 Nc6 6. exd5 exd5 7. Nb3 Bb6 8.
c3 h6 9. Qe2+ Qe7 10. Bf4 Nf6 11. Qxe7+ Kxe7 12. Nf3 Nh5 13. Bd2 Re8 14. O-O
Kf8 15. h3 Bc7 16. Nbd4 a6 17. Rfd1 Nf4 18. Bf1 Ne6 19. Be3 Nexd4 20. Nxd4 Nxd4
21. Bxd4 Be6 22. Be3 Rac8 23. Be2 Red8 24. Bf3 Rd7 25. Rd2 Rcd8 26. Rad1 b5 27.
a4 Ba5 28. axb5 axb5 29. Ra1 Bc7 30. Ra7 Bb8 31. Ra5 b4 32. Bc5+ Ke8 33. Bxb4
Bf4 34. Rd1 Bd6 35. Rb5 Bxb4 36. Rxb4 Rc7 37. Rb5 Rcd7 38. Rd4 Ke7 39. Rc5 Rd6
40. b4 g5 41. Kf1 f5 42. Ke2 Kf6 43. Kd3 Kg6 44. b5 h5 45. Rb4 g4 46. hxg4 hxg4
47. Be2 Bc8 48. b6 Ba6+ 49. Kd2 Bxe2 50. Kxe2 Rb8 51. b7 Rd7 52. Rcb5 Kf6 53.
Kd3 Ke6 54. Kd4 Rc7 55. g3 f4 56. gxf4 Kf5 57. Kd3 Ke6 58. Rb6+ Kf5 59. Rd4 Rd7
60. Rdb4 Rc7 61. Rd6 Rbxb7 62. Rxd5+ Kf6 63. Rxb7 Rxb7 64. Rg5 Rb2 65. Rxg4
Rxf2 66. Rh4 Kf5 67. c4 Rf1 68. Kd4 Rd1+ 69. Kc5 Ke4 70. Kc6 Rc1 71. c5 Rc2 72.
Kd6 Rd2+ 73. Kc7 Kd5 74. c6 Ke6 75. Rh6+ Ke7 76. Rh5 Rd4 77. f5 Kf6 78. Kc8 1-0

[Event "HUN Team League Csongrad Region 2019–2"]
[Site "Csongrád County"]
[Date "2019.11.24"]
[Round "3.1"]
[White "Szamko, Szabolcs"]
[Black "Koszta, Benedek"]
[Result "0-1"]
[WhiteElo "1564"]
[BlackElo "2024"]
[PlyCount "86"]
[EventDate "2019.09.29"]
[WhiteTeam "Maróczy V."]
[BlackTeam "Maróczy III."]

1. e4 c5 2. Nf3 d6 3. Bc4 Nc6 4. d3 e6 5. Nc3 Nge7 6. d4 cxd4 7. Nxd4 Nxd4 8.
Qxd4 Nc6 9. Qd1 Be7 10. Be3 a6 11. a4 Qc7 12. Qe2 Bf6 13. Nd1 b6 14. c3 Bb7 15.
Bf4 O-O 16. Bd3 Na5 17. Qh5 Nb3 18. Ra3 Nc5 19. Bc2 Bxe4 20. Bxe4 Nxe4 21. O-O
Qe7 22. Re1 Nc5 23. Ne3 Nd3 24. Nd5 Qd8 25. Re3 Nxf4 26. Nxf4 g6 27. Qg4 Bg7
28. Ra1 b5 29. Rg3 bxa4 30. Rxa4 Rb8 31. b4 a5 32. Rd3 axb4 33. Rxb4 Rxb4 34.
cxb4 Qb6 35. Ne2 Ra8 36. h3 Ra1+ 37. Nc1 Rxc1+ 38. Rd1 Rxd1+ 39. Qxd1 Qxb4 40.
g3 Bd4 41. Kg2 Qb2 42. Qf3 Qxf2+ 43. Qxf2 Bxf2 0-1

[Event "HUN Team League Csongrad Region 2019–2"]
[Site "Csongrád County"]
[Date "2019.11.24"]
[Round "3.1"]
[White "Bernath, Robert"]
[Black "Puskas, Mihaly"]
[Result "1-0"]
[WhiteElo "2055"]
[BlackElo "1416"]
[PlyCount "65"]
[EventDate "2019.09.29"]
[WhiteTeam "Maróczy III."]
[BlackTeam "Maróczy V."]

1. e4 e5 2. Nf3 Nc6 3. d4 exd4 4. Nxd4 Bc5 5. Be3 Qf6 6. c3 Nge7 7. Bc4 O-O 8.
O-O Rd8 9. Nb5 Bxe3 10. fxe3 Qe5 11. Bxf7+ Kh8 12. Bd5 a6 13. Qf3 h6 14. Nd4
Nxd5 15. exd5 Ne7 16. c4 Ng6 17. Nc3 d6 18. Rae1 Nh4 19. Qf4 Qxf4 20. Rxf4 Ng6
21. Rf7 Ne5 22. Rxc7 b5 23. cxb5 axb5 24. Ndxb5 Nd3 25. Rf1 Ba6 26. Rff7 Bxb5
27. Nxb5 Rxa2 28. h3 Rxb2 29. Nd4 Nb4 30. Rxg7 Nxd5 31. Rh7+ Kg8 32. Rcg7+ Kf8
33. Ne6+ 1-0

[Event "HUN Team League Csongrad Region 2019–2"]
[Site "Csongrád County"]
[Date "2019.11.24"]
[Round "3.1"]
[White "Szamko, Hanna"]
[Black "Linczer, Janos"]
[Result "0-1"]
[WhiteElo "1435"]
[BlackElo "2051"]
[PlyCount "102"]
[EventDate "2019.09.29"]
[WhiteTeam "Maróczy V."]
[BlackTeam "Maróczy III."]

1. e4 e5 2. Nf3 Nc6 3. Bc4 Bc5 4. d3 Nf6 5. Nc3 O-O 6. O-O a6 7. a3 h6 8. Be3
Be7 9. Bd5 d6 10. d4 Nxd5 11. exd5 Nxd4 12. Nxd4 exd4 13. Bxd4 Bf5 14. Ne2 c5
15. Be3 Bf6 16. Ng3 Bg6 17. Rb1 b5 18. Nh5 a5 19. Nf4 Bh7 20. Qd2 b4 21. Nh5 b3
22. c3 Bxb1 23. Rxb1 g6 24. Nxf6+ Qxf6 25. Bxh6 Rfe8 26. Rc1 Re5 27. Bf4 Re4
28. Be3 Rae8 29. c4 a4 30. Qc3 Qxc3 31. Rxc3 f5 32. g3 g5 33. Bxg5 Re2 34. Rf3
Rxb2 35. Rxf5 Rc2 36. Bf6 b2 37. Bxb2 Rxb2 38. Rf3 Rb3 39. Rf6 Rd8 40. h4 Rxa3
41. h5 Rc3 42. g4 Rxc4 43. f3 a3 44. g5 a2 45. Rg6+ Kf7 46. Rf6+ Ke7 47. Rh6
a1=Q+ 48. Kg2 Qb2+ 49. Kh3 Qg7 50. Re6+ Kd7 51. Rg6 Qh7 0-1

[Event "HUN Team League Csongrad Region 2019–2"]
[Site "Csongrád County"]
[Date "2019.11.24"]
[Round "3.1"]
[White "Kocsmar, Akos"]
[Black "Dernovics, Aron"]
[Result "1-0"]
[WhiteElo "1944"]
[BlackElo "1397"]
[PlyCount "65"]
[EventDate "2019.09.29"]
[WhiteTeam "Maróczy III."]
[BlackTeam "Maróczy V."]

1. d4 e6 2. c4 Nf6 3. Nf3 d5 4. e3 Nc6 5. b3 Ne4 6. a3 e5 7. Nxe5 Nxe5 8. dxe5
c6 9. Bb2 Be6 10. Nc3 Nxc3 11. Bxc3 dxc4 12. Qxd8+ Rxd8 13. bxc4 Bc5 14. Bb4
Bb6 15. Be2 a5 16. Bd6 Bf5 17. c5 Ba7 18. O-O Bb8 19. f3 Bxd6 20. exd6 O-O 21.
e4 Be6 22. Rfb1 Rd7 23. Rb6 f5 24. e5 f4 25. Rab1 Rf5 26. Rxb7 Rxb7 27. Rxb7
Kf8 28. Re7 Bb3 29. Bd3 Rf7 30. Rxf7+ Kxf7 31. Bxh7 Be6 32. Be4 Ke8 33. Bxc6+
1-0

[Event "HUN Team League Csongrad Region 2019–2"]
[Site "Csongrád County"]
[Date "2019.11.24"]
[Round "3.1"]
[White "Szamko, Balint"]
[Black "Pluhar, Andras"]
[Result "0-1"]
[WhiteElo "1101"]
[BlackElo "1889"]
[PlyCount "43"]
[EventDate "2019.09.29"]
[WhiteTeam "Maróczy V."]
[BlackTeam "Maróczy III."]

1. e4 e5 2. Nf3 Nc6 3. b3 Nf6 4. Bb2 Nxe4 5. Nc3 Nf6 6. Bc4 d5 7. Bb5 Bd6 8.
Qe2 O-O 9. O-O-O e4 10. Ng5 h6 11. Nh3 Bg4 12. f3 exf3 13. gxf3 Bxh3 14. Rhg1
Nd4 15. Qd3 c5 16. Rge1 a6 17. Bxa6 Rxa6 18. Rg1 Bf5 19. Qe3 Bg6 20. a3 Nxc2
21. Qf2 Nd4 22. b4 0-1

[Event "HUN Team League Csongrad Region 2019–2"]
[Site "Csongrád County"]
[Date "2019.11.24"]
[Round "3.1"]
[White "Szajbely, Samuel Janos"]
[Black "Korosi, Zsombor"]
[Result "0-1"]
[WhiteElo "1765"]
[BlackElo "1177"]
[PlyCount "64"]
[EventDate "2019.09.29"]
[WhiteTeam "Maróczy III."]
[BlackTeam "Maróczy V."]

1. e4 e5 2. Nc3 Nf6 3. f4 d6 4. Nf3 Nc6 5. Bb5 Bg4 6. h3 Bxf3 7. Qxf3 Qd7 8.
Nd5 Be7 9. g4 a6 10. Ba4 b5 11. Bb3 Nd4 12. Nxf6+ Bxf6 13. Qg2 a5 14. c3 Nxb3
15. axb3 exf4 16. g5 f3 17. Qxf3 Bxg5 18. Rg1 Bh6 19. d4 Bxc1 20. Rxc1 O-O 21.
Qg3 g6 22. Rc2 Kh8 23. Rf2 Qe6 24. Qf4 Kg7 25. h4 Rae8 26. Re2 Qf6 27. Qg4 h5
28. Qxh5 Rh8 29. Qg5 Rxh4 30. Qxb5 Rexe4 31. Rf1 Rxe2+ 32. Qxe2 Qe6 0-1

[Event "HUN Team League Csongrad Region 2019–2"]
[Site "Csongrád County"]
[Date "2019.11.24"]
[Round "3.2"]
[White "Papp, Zoltan"]
[Black "Megyaszai, Balazs"]
[Result "1/2-1/2"]
[WhiteElo "1835"]
[BlackElo "1935"]
[PlyCount "137"]
[EventDate "2019.09.29"]
[WhiteTeam "Üllés"]
[BlackTeam "Maróczy IV."]

1. d4 d5 2. f4 Nf6 3. Nf3 e6 4. e3 a6 5. Bd3 c5 6. c3 Nc6 7. O-O Be7 8. Nbd2
Bd7 9. Ne5 O-O 10. g4 Ne8 11. Ndf3 cxd4 12. exd4 Nd6 13. g5 Nf5 14. Qc2 Qc8 15.
h4 g6 16. Qh2 Ng7 17. Be3 Nxe5 18. Nxe5 Bb5 19. Bxb5 axb5 20. a3 Qd8 21. Rae1
Bd6 22. Ng4 Nh5 23. Rf3 Qc7 24. Ref1 Rae8 25. Qe2 Qc4 26. Qd1 Qc7 27. Kg2 Qc8
28. Qd2 Kh8 29. Qe2 Qc4 30. Kf2 f6 31. Ke1 Bb8 32. Qc2 Qc8 33. Qg2 Bd6 34. Bg1
Bb8 35. Bh2 Bc7 36. Kd2 Bb8 37. Kc2 Bc7 38. Ne3 Bb6 39. Kd2 Qd8 40. Qe2 Qd7 41.
Qd3 Bc7 42. R1f2 Rf7 43. Ng4 Rff8 44. Ne3 Rf7 45. Nf1 Ref8 46. Ng3 Ng7 47. Qe2
Bb8 48. Qf1 Qe7 49. Ne2 Qe8 50. Qh3 Qd7 51. Re3 Nf5 52. Ref3 Ng7 53. Nc1 Nh5
54. Nd3 b6 55. Re2 Ng7 56. Rfe3 Re8 57. gxf6 Rxf6 58. Ne5 Bxe5 59. fxe5 Rf5 60.
Rf3 Ref8 61. Ref2 Qf7 62. Rxf5 Nxf5 63. Qg4 h5 64. Qg5 Qg7 65. Bf4 Kh7 66. Ke2
Ne7 67. Be3 Nf5 68. Bd2 Kg8 69. Be3 1/2-1/2

[Event "HUN Team League Csongrad Region 2019–2"]
[Site "Csongrád County"]
[Date "2019.11.24"]
[Round "3.2"]
[White "Tenk, Zoltan"]
[Black "Gera, Mihaly"]
[Result "1/2-1/2"]
[WhiteElo "1866"]
[BlackElo "1793"]
[PlyCount "87"]
[EventDate "2019.09.29"]
[WhiteTeam "Maróczy IV."]
[BlackTeam "Üllés"]

1. e4 c5 2. Nf3 Nc6 3. d4 cxd4 4. Nxd4 g6 5. Nc3 Bg7 6. Be3 Nf6 7. Be2 a6 8.
Qd2 O-O 9. Rd1 Nxd4 10. Bxd4 d6 11. O-O Be6 12. Bf3 Qc7 13. Rfe1 Ng4 14. Bxg7
Kxg7 15. Bxg4 Bxg4 16. Qd4+ Kg8 17. f3 Be6 18. Rd2 Rac8 19. a3 Qc5 20. Ne2 Rfe8
21. c3 Qxd4+ 22. Nxd4 Rc7 23. f4 Bc8 24. e5 dxe5 25. Rxe5 e6 26. Nf3 h6 27. Re4
Kf8 28. Red4 Ke7 29. Ne5 b5 30. Rd6 Kf6 31. R2d4 g5 32. Ng4+ Kg6 33. Ne5+ Kf6
34. Nd3 Bb7 35. fxg5+ hxg5 36. Rb6 Ree7 37. Nb4 Red7 38. Nxa6 Bxa6 39. Rxd7
Rxd7 40. Rxa6 Rd1+ 41. Kf2 Rd2+ 42. Kf1 Rxb2 43. a4 bxa4 44. Rxa4 1/2-1/2

[Event "HUN Team League Csongrad Region 2019–2"]
[Site "Csongrád County"]
[Date "2019.11.24"]
[Round "3.2"]
[White "Toth, Sandor Sr."]
[Black "Arato, Daniel"]
[Result "0-1"]
[WhiteElo "1753"]
[BlackElo "1705"]
[PlyCount "48"]
[EventDate "2019.09.29"]
[WhiteTeam "Üllés"]
[BlackTeam "Maróczy IV."]

1. d4 d5 2. c4 c6 3. Nc3 Nf6 4. Nf3 dxc4 5. a4 Bf5 6. e3 e6 7. Bxc4 Bb4 8. O-O
Nbd7 9. Qb3 Qa5 10. Bd2 O-O 11. Ne4 Bxd2 12. Nexd2 c5 13. Bd3 Bxd3 14. Qxd3
Rfd8 15. Qe2 Qb4 16. Nb1 Rac8 17. Rd1 cxd4 18. Nxd4 Nb6 19. Qd2 Qc5 20. b4 Qh5
21. Qe1 Ng4 22. Nf3 Ne5 23. Rxd8+ Rxd8 24. Nxe5 Rd1 0-1

[Event "HUN Team League Csongrad Region 2019–2"]
[Site "Csongrád County"]
[Date "2019.11.24"]
[Round "3.2"]
[White "Lakatos, Alfred"]
[Black "Molnar, Jeno"]
[Result "1/2-1/2"]
[WhiteElo "1568"]
[BlackElo "1592"]
[PlyCount "83"]
[EventDate "2019.09.29"]
[WhiteTeam "Maróczy IV."]
[BlackTeam "Üllés"]

1. Nf3 d5 2. d4 Nf6 3. g3 e6 4. Bg2 c5 5. O-O cxd4 6. Nxd4 Nc6 7. c4 Nxd4 8.
Qxd4 Be7 9. Rd1 O-O 10. c5 Qc7 11. b4 a5 12. Bf4 Qd8 13. b5 Nh5 14. Be5 Bf6 15.
Bxf6 Qxf6 16. Nc3 Qxd4 17. Rxd4 Nf6 18. f4 Rd8 19. a4 Bd7 20. Rad1 Be8 21. e4
Rac8 22. exd5 Rxc5 23. Ne4 Nxe4 24. Bxe4 f5 25. Bf3 Rc3 26. Kg2 Rxf3 27. Kxf3
Bh5+ 28. Ke3 Bxd1 29. Rxd1 Kf8 30. Rc1 Ke7 31. Rc7+ Rd7 32. Rc8 Rxd5 33. Rh8 h6
34. Rg8 Kf7 35. Ra8 b6 36. Ra7+ Kf6 37. Rb7 Rd6 38. Rc7 g5 39. Rh7 gxf4+ 40.
gxf4 Kg6 41. Rc7 Kf6 42. Rh7 1/2-1/2

[Event "HUN Team League Csongrad Region 2019–2"]
[Site "Csongrád County"]
[Date "2019.11.24"]
[Round "3.2"]
[White "Nagy, Zoltan"]
[Black "Gyemant, Karoly"]
[Result "0-1"]
[WhiteElo "1647"]
[BlackElo "1604"]
[PlyCount "76"]
[EventDate "2019.09.29"]
[WhiteTeam "Üllés"]
[BlackTeam "Maróczy IV."]

1. e4 d6 2. Bc4 e6 3. Nc3 c6 4. Nf3 d5 5. exd5 cxd5 6. Bb5+ Bd7 7. Bxd7+ Nxd7
8. d4 g6 9. O-O Bh6 10. Re1 Bxc1 11. Rxc1 Ndf6 12. Ne5 a6 13. a4 h5 14. f3 g5
15. Qe2 Qe7 16. h3 O-O-O 17. Nd3 g4 18. Nc5 gxh3 19. gxh3 h4 20. Nxe6 Qxe6 21.
Qxe6+ fxe6 22. Rxe6 Nh5 23. Rce1 Nf4 24. Re8 Nf6 25. Rxh8 Rxh8 26. Kh2 Rg8 27.
Rg1 Rxg1 28. Kxg1 Nxh3+ 29. Kh2 Nf4 30. b4 h3 31. a5 Kd7 32. b5 axb5 33. Nxb5
Ne8 34. Kg3 Nd6 35. Nxd6 Kxd6 36. Kh2 Ne2 37. c3 Nxc3 38. Kxh3 Ne2 0-1

[Event "HUN Team League Csongrad Region 2019–2"]
[Site "Csongrád County"]
[Date "2019.11.24"]
[Round "3.2"]
[White "Kis, Izabella"]
[Black "Gabor, Geza"]
[Result "0-1"]
[WhiteElo "1488"]
[BlackElo "1590"]
[PlyCount "62"]
[EventDate "2019.09.29"]
[WhiteTeam "Maróczy IV."]
[BlackTeam "Üllés"]

1. e4 e5 2. Nf3 Nc6 3. d4 exd4 4. Bc4 h6 5. Nxd4 Qh4 6. O-O d6 7. Nb5 Qd8 8.
N1c3 a6 9. Nd4 Ne5 10. Bb3 Nf6 11. f4 Nc6 12. Re1 Be7 13. Nxc6 bxc6 14. e5 dxe5
15. Qxd8+ Bxd8 16. fxe5 Nh7 17. e6 Bxe6 18. Bxe6 fxe6 19. Rxe6+ Kd7 20. Rg6 Bf6
21. Ne4 Bd4+ 22. Kh1 Rae8 23. Be3 Bxe3 24. Rxg7+ Kc8 25. Ng3 Bd4 26. Rg6 Bxb2
27. Rb1 Nf6 28. Kg1 Bd4+ 29. Kf1 Rhf8 30. Rb3 Ng4+ 31. Rf3 Nxh2# 0-1

[Event "HUN Team League Csongrad Region 2019–2"]
[Site "Csongrád County"]
[Date "2019.11.24"]
[Round "3.3"]
[White "Borsi, Imre"]
[Black "Csuri, Laszlo"]
[Result "1/2-1/2"]
[WhiteElo "1978"]
[BlackElo "1955"]
[PlyCount "25"]
[EventDate "2019.09.29"]
[WhiteTeam "Szentes II."]
[BlackTeam "Röszke"]

1. Nf3 Nf6 2. g3 g6 3. Bg2 Bg7 4. O-O O-O 5. c4 c5 6. Nc3 Nc6 7. d3 Rb8 8. h3
a6 9. e4 d6 10. Be3 Ne8 11. d4 cxd4 12. Nxd4 Nxd4 13. Bxd4 1/2-1/2

[Event "HUN Team League Csongrad Region 2019–2"]
[Site "Csongrád County"]
[Date "2019.11.24"]
[Round "3.3"]
[White "Retkes, Sandor"]
[Black "Cs. Kovacs, Laszlo"]
[Result "1-0"]
[WhiteElo "1955"]
[BlackElo "1800"]
[PlyCount "169"]
[EventDate "2019.09.29"]
[WhiteTeam "Röszke"]
[BlackTeam "Szentes II."]

1. d4 Nf6 2. Bf4 d6 3. Nd2 g6 4. Ngf3 Bg7 5. e3 Bg4 6. c3 c6 7. Be2 Nbd7 8. h3
Bxf3 9. Nxf3 O-O 10. Bc4 Qb6 11. Rb1 h6 12. Bb3 c5 13. O-O Rac8 14. Re1 a6 15.
Bh2 Qa5 16. a3 c4 17. Bc2 Rfe8 18. Nd2 Qh5 19. f3 e5 20. Ne4 Nxe4 21. Bxe4 Rc7
22. Qd2 Nb6 23. dxe5 dxe5 24. Qd6 Na8 25. Qd2 Qh4 26. Qe2 Nb6 27. Rbd1 Rd8 28.
Bg3 Qe7 29. Rxd8+ Qxd8 30. Rd1 Rd7 31. Rxd7 Qxd7 32. f4 f5 33. Bb1 e4 34. Ba2
Kf8 35. Bxc4 Nxc4 36. Qxc4 Qd1+ 37. Kh2 Qd2 38. Qc5+ Kg8 39. Qb6 g5 40. Qe6+
Kh8 41. Qc8+ Kh7 42. Qxf5+ Kg8 43. Qe6+ Kh8 44. Qe8+ Kh7 45. Qxe4+ Kg8 46. Qe6+
Kh8 47. Qc8+ Kh7 48. Qf5+ Kg8 49. fxg5 hxg5 50. Qxg5 Kf7 51. Qf4+ Kg8 52. Qb8+
Bf8 53. Qxb7 Qxe3 54. Qxa6 Bc5 55. Qg6+ Kh8 56. Qf6+ Kg8 57. Qf1 Ba7 58. c4 Bd4
59. Qb1 Kg7 60. a4 Qb3 61. Qe4 Qxb2 62. c5 Qa1 63. Qe1 Qxa4 64. Be5+ Bxe5+ 65.
Qxe5+ Kf7 66. Qd6 Qc4 67. c6 Qe4 68. c7 Qc4 69. Qe5 Kg6 70. Qg3+ Kf7 71. Qf3+
Ke7 72. Qg3 Kf7 73. Qd6 Kg7 74. Qd7+ Kg6 75. Qe8+ Kg7 76. c8=Q Qf4+ 77. Kg1
Qd4+ 78. Kf1 Qf4+ 79. Ke1 Qb4+ 80. Ke2 Qb2+ 81. Kd3 Qb1+ 82. Qc2 Qf1+ 83. Qee2
Qf5+ 84. Kd2 Qf4+ 85. Ke1 1-0

[Event "HUN Team League Csongrad Region 2019–2"]
[Site "Csongrád County"]
[Date "2019.11.24"]
[Round "3.3"]
[White "Lovaszi, Szabolcs"]
[Black "Nagy Dani, Karoly"]
[Result "0-1"]
[WhiteElo "1709"]
[BlackElo "1792"]
[PlyCount "76"]
[EventDate "2019.09.29"]
[WhiteTeam "Szentes II."]
[BlackTeam "Röszke"]

1. d4 d5 2. Bf4 e6 3. Nf3 Nf6 4. e3 Bd6 5. Bd3 c5 6. c3 Bxf4 7. exf4 cxd4 8.
cxd4 Qa5+ 9. Nc3 Nc6 10. Qa4 Qb6 11. Qb5 Qc7 12. Ne5 O-O 13. Ne2 Qd6 14. O-O
Nb4 15. a3 Nxd3 16. Qxd3 b6 17. Rac1 Bb7 18. Rc2 Rfc8 19. Rfc1 Qd8 20. b4 Ne8
21. f5 Rxc2 22. Rxc2 Rc8 23. fxe6 fxe6 24. Nf4 Rxc2 25. Qxc2 Qc7 26. Qd2 Bc8
27. Kf1 Nd6 28. f3 Nc4 29. Qc3 Ba6 30. Kf2 Qc8 31. Nxc4 dxc4 32. a4 b5 33. axb5
Bxb5 34. Nd3 Qd8 35. Ne5 Qc7 36. f4 Qd6 37. Nxc4 Qxf4+ 38. Kg1 Qc7 0-1

[Event "HUN Team League Csongrad Region 2019–2"]
[Site "Csongrád County"]
[Date "2019.11.24"]
[Round "3.3"]
[White "Bartos, Ferenc"]
[Black "Balatoni, Gyorgy"]
[Result "1-0"]
[WhiteElo "1695"]
[BlackElo "1698"]
[PlyCount "53"]
[EventDate "2019.09.29"]
[WhiteTeam "Röszke"]
[BlackTeam "Szentes II."]

1. e4 c6 2. Nc3 d5 3. exd5 cxd5 4. d4 Nc6 5. Nf3 g6 6. Bf4 Bg7 7. Nb5 Bh6 8.
Nc7+ Kf8 9. Bxh6+ Nxh6 10. Nxa8 Bg4 11. c3 Qxa8 12. h3 Bd7 13. Qd2 Nf5 14. Qf4
Kg7 15. g4 Nd6 16. Ne5 Qe8 17. Nxd7 Qxd7 18. Bd3 Re8 19. O-O-O e5 20. dxe5 Nxe5
21. Qd4 f6 22. Qxd5 Rd8 23. f4 Nxd3+ 24. Rxd3 Qa4 25. Rd4 Qa6 26. Qe6 Qc6 27.
Rhd1 1-0

[Event "HUN Team League Csongrad Region 2019–2"]
[Site "Csongrád County"]
[Date "2019.11.24"]
[Round "3.3"]
[White "Kozak, Janos"]
[Black "Ver, Imre"]
[Result "0-1"]
[WhiteElo "1483"]
[BlackElo "1698"]
[PlyCount "66"]
[EventDate "2019.09.29"]
[WhiteTeam "Szentes II."]
[BlackTeam "Röszke"]

1. c4 c5 2. Nf3 Nc6 3. Nc3 e5 4. e4 d6 5. d3 Nf6 6. Bg5 h6 7. Bxf6 Qxf6 8. Nd5
Qd8 9. g3 Ne7 10. Nxe7 Bxe7 11. Bg2 O-O 12. O-O Bd7 13. h3 b5 14. b3 a5 15. a4
bxc4 16. dxc4 Rb8 17. Qd3 Qc7 18. Rfd1 Be6 19. Kh2 Rfd8 20. Rab1 h5 21. Rg1 g6
22. Qe3 Kg7 23. Ng5 Bxg5 24. Qxg5 f6 25. Qe3 Rb6 26. Rgd1 Rdb8 27. Bf1 Qe7 28.
f3 Bd7 29. Bd3 Qe6 30. Bf1 Bxa4 31. Rd5 Bxb3 32. Qd2 a4 33. Ra1 Bxc4 0-1

[Event "HUN Team League Csongrad Region 2019–2"]
[Site "Csongrád County"]
[Date "2019.11.24"]
[Round "3.3"]
[White "Sipos, Kalman"]
[Black "Bartha, Levente"]
[Result "1-0"]
[WhiteElo "1651"]
[BlackElo "1540"]
[PlyCount "95"]
[EventDate "2019.09.29"]
[WhiteTeam "Röszke"]
[BlackTeam "Szentes II."]

1. e4 c5 2. c3 d5 3. exd5 Qxd5 4. d4 cxd4 5. cxd4 Nf6 6. Nf3 Bg4 7. Be2 e6 8.
O-O Be7 9. h3 Bh5 10. Nc3 Qd8 11. Be3 O-O 12. a3 Nc6 13. Qb3 Nd5 14. Nxd5 Qxd5
15. Qxd5 exd5 16. b4 Rac8 17. Rfc1 Bf6 18. g4 Bg6 19. Rc5 Be4 20. Rac1 h6 21.
b5 Ne7 22. Rc7 b6 23. Ne5 Bxe5 24. dxe5 Rxc7 25. Rxc7 Ng6 26. f4 Ra8 27. Kf2
Kf8 28. Kg3 Ke8 29. Bd4 Ne7 30. f5 Kd8 31. Rb7 Ke8 32. Bf3 g5 33. Bxe4 dxe4 34.
e6 fxe6 35. fxe6 Ng8 36. Kf2 a6 37. bxa6 Rxa6 38. Rb8+ Ke7 39. Rxg8 Kxe6 40.
Bb2 Kd5 41. Ke3 b5 42. Rd8+ Kc4 43. Rd4+ Kb3 44. Rb4+ Kc2 45. Rxb5 Rd6 46. Bd4
Ra6 47. Bc5 Kc3 48. Rb6 1-0

[Event "HUN Team League Csongrad Region 2019–2"]
[Site "Csongrád County"]
[Date "2019.11.24"]
[Round "3.3"]
[White "Gachalyi, Gergo"]
[Black "Abraham, Lajos"]
[Result "1/2-1/2"]
[WhiteElo "1534"]
[BlackElo "1629"]
[PlyCount "65"]
[EventDate "2019.09.29"]
[WhiteTeam "Szentes II."]
[BlackTeam "Röszke"]

1. e4 c5 2. Nf3 Nc6 3. d4 cxd4 4. Nxd4 a6 5. Nc3 e6 6. Be3 Bb4 7. Nxc6 bxc6 8.
Bd2 Nf6 9. Bd3 e5 10. a3 Be7 11. Ne2 d5 12. Ng3 Qb6 13. Rb1 Rb8 14. b4 a5 15.
c3 axb4 16. axb4 O-O 17. h3 Ba6 18. Qf3 dxe4 19. Nxe4 Bxd3 20. Nxf6+ Bxf6 21.
Qxd3 Rfd8 22. Qe3 Qb5 23. Rd1 Rd3 24. Qe4 Rbd8 25. h4 Qa4 26. Rh3 Qb5 27. c4
Rxd2 28. cxb5 Rxd1+ 29. Ke2 R8d2+ 30. Kf3 Rd3+ 31. Ke2 R1d2+ 32. Ke1 Rd1+ 33.
Ke2 1/2-1/2

[Event "HUN Team League Csongrad Region 2019–2"]
[Site "Csongrád County"]
[Date "2019.11.24"]
[Round "3.4"]
[White "Adok, Janos"]
[Black "Csikos, Mihaly"]
[Result "1/2-1/2"]
[WhiteElo "2206"]
[BlackElo "2026"]
[PlyCount "117"]
[EventDate "2019.09.29"]
[WhiteTeam "Vásárhely"]
[BlackTeam "Meritum II."]

1. c4 e6 2. Nc3 d5 3. cxd5 exd5 4. d4 c6 5. Bf4 Bd6 6. Qd2 Bxf4 7. Qxf4 Qf6 8.
g3 Qxf4 9. gxf4 f5 10. Nf3 Nf6 11. Rg1 O-O 12. e3 Nbd7 13. Bd3 Ne4 14. Rc1 Rf6
15. Ke2 Rh6 16. Rg2 Ndf6 17. Ne5 Be6 18. f3 Nxc3+ 19. bxc3 Rc8 20. Rb1 b6 21.
a4 Nd7 22. Rbg1 g6 23. Rb1 Nxe5 24. fxe5 Rh3 25. Rf2 c5 26. Kd2 c4 27. Bf1 Rh6
28. f4 Bd7 29. Ra1 Kf7 30. h3 Rg8 31. a5 b5 32. Bg2 Ke6 33. Rg1 Rb8 34. Kc1 Bc6
35. Rb2 Rg8 36. Bf1 Rh5 37. Rg3 Rh4 38. Kd1 Kd7 39. Ke1 Kc7 40. Kf2 Kb7 41. Rg1
Ka6 42. Ra2 Bd7 43. Bg2 Bc6 44. Kg3 Rh6 45. h4 Rb8 46. Rb1 Rb7 47. Bf3 Rb8 48.
Be2 Rb7 49. Raa1 Rb8 50. Kh3 Rb7 51. Kg3 Rb8 52. Rb2 Rb7 53. Bf3 Rb8 54. Rbb1
Rb7 55. Rh1 Rg7 56. Kf2 Rb7 57. h5 b4 58. cxb4 Rxb4 59. Kg1 1/2-1/2

[Event "HUN Team League Csongrad Region 2019–2"]
[Site "Csongrád County"]
[Date "2019.11.24"]
[Round "3.4"]
[White "Farkas, Sandor"]
[Black "Baranyi, Erno"]
[Result "1-0"]
[WhiteElo "1879"]
[BlackElo "2122"]
[PlyCount "113"]
[EventDate "2019.09.29"]
[WhiteTeam "Meritum II."]
[BlackTeam "Vásárhely"]

1. e4 c6 2. d4 d5 3. exd5 cxd5 4. Bd3 Nf6 5. c3 Nc6 6. Bf4 Bg4 7. Qb3 Qc8 8.
Nd2 e6 9. h3 Bh5 10. Ngf3 Be7 11. O-O Bg6 12. Bxg6 hxg6 13. Rac1 O-O 14. Rfe1
Na5 15. Qc2 b5 16. Ng5 Nh5 17. Be3 Bxg5 18. Bxg5 Qc7 19. Nf3 Rac8 20. Ne5 Rfe8
21. g3 Nf6 22. Bf4 Qb6 23. Qe2 Nc4 24. Nd3 a5 25. Kg2 Nd7 26. Qg4 b4 27. h4 Nf6
28. Qf3 Ne4 29. g4 Ncd6 30. g5 Nf5 31. Rh1 f6 32. Qh3 bxc3 33. bxc3 Kf7 34. h5
gxh5 35. gxf6 Nxf6 36. Ne5+ Ke7 37. Qd3 Rg8 38. Rb1 Qa7 39. Qb5 g5 40. Bc1 Kf8
41. Ba3+ Kg7 42. Bc5 Qa8 43. Qb6 Rge8 44. Rb5 Nh4+ 45. Kf1 a4 46. Ra5 Qb8 47.
Ra7+ Kh6 48. Rb7 Ne4 49. Rxh4 gxh4 50. Qb2 Qxe5 51. dxe5 Rxc5 52. Rf7 Rxc3 53.
Qb7 Rg8 54. Rh7+ Kg5 55. Qe7+ Kg4 56. Qxe6+ Kf4 57. Rf7+ 1-0

[Event "HUN Team League Csongrad Region 2019–2"]
[Site "Csongrád County"]
[Date "2019.11.24"]
[Round "3.4"]
[White "Abraham, Zoltan"]
[Black "Fabian, Istvan"]
[Result "1/2-1/2"]
[WhiteElo "1816"]
[BlackElo "1731"]
[PlyCount "27"]
[EventDate "2019.09.29"]
[WhiteTeam "Vásárhely"]
[BlackTeam "Meritum II."]

1. Nf3 c5 2. g3 d5 3. d4 e6 4. Bg2 Nf6 5. c3 Be7 6. O-O O-O 7. Bf4 Bd6 8. Bxd6
Qxd6 9. Ne5 Ne4 10. Nd2 Nxd2 11. Qxd2 f6 12. Nf3 Nc6 13. e3 Bd7 14. Rfe1
1/2-1/2

[Event "HUN Team League Csongrad Region 2019–2"]
[Site "Csongrád County"]
[Date "2019.11.24"]
[Round "3.4"]
[White "Havasi, Gergely Bulcsu"]
[Black "Markus, Molli Amina"]
[Result "0-1"]
[WhiteElo "1465"]
[BlackElo "1643"]
[PlyCount "134"]
[EventDate "2019.09.29"]
[WhiteTeam "Meritum II."]
[BlackTeam "Vásárhely"]

1. Nf3 Nf6 2. g3 g6 3. Bg2 Bg7 4. c4 O-O 5. Nc3 d6 6. O-O e5 7. d3 Nc6 8. Bg5
h6 9. Bxf6 Qxf6 10. Nd5 Qd8 11. Rb1 a5 12. a3 Be6 13. Qc2 f5 14. e3 Rb8 15. Nd2
Ne7 16. Rfc1 c6 17. Nxe7+ Qxe7 18. b4 axb4 19. Rxb4 Ra8 20. Rcb1 Ra7 21. Qb3
Rf7 22. Ra4 Rxa4 23. Qxa4 Qc7 24. Nb3 Kh7 25. Na5 Bc8 26. Nb3 g5 27. d4 f4 28.
d5 f3 29. Bf1 Bf5 30. Re1 e4 31. Nd4 Bxd4 32. exd4 cxd5 33. cxd5 Qc8 34. Qb4
Qd7 35. Bb5 Qc7 36. Bf1 h5 37. Qb5 Qc3 38. Qe8 Qc7 39. Rxe4 Bxe4 40. Qxe4+ Kg7
41. h4 Qe7 42. Qd3 gxh4 43. gxh4 Qxh4 44. Qc3 Kh6 45. Bg2 fxg2 46. Qe3+ Qf4 47.
Qe6+ Rf6 48. Qe2 Qxd4 49. Qe1 Qxd5 50. Qc1+ Qg5 51. Qc8 Qg7 52. Qc1+ Kh7 53.
Qd1 Qg6 54. Qe1 Rf7 55. Qb4 Qf5 56. Qd4 Qxf2+ 57. Qxf2 Rxf2 58. Kxf2 Kg6 59.
Kxg2 Kf5 60. Kg3 d5 61. Kh4 d4 62. a4 d3 63. a5 d2 64. a6 bxa6 65. Kh3 d1=Q 66.
Kh2 Kf4 67. Kh3 Qh1# 0-1